| Tag |
First Indicator |
Second Indicator |
Subfields |
| LEADER |
00000cim a2200000Ia 4500 |
| 001 |
in00001817321 |
| 005 |
20151026051547.0 |
| 007 |
sd fungnn---ed |
| 008 |
030204s2002 vaunnn bh eng d |
| 028 |
0 |
1 |
|a Course no. 2937
|b Teaching Co.
|
| 028 |
0 |
1 |
|a 2935-2936
|b Teaching Co.
|
| 035 |
|
|
|a (OCoLC)ocm51571049
|
| 040 |
|
|
|a CCP
|c CCP
|d OCLCQ
|d TXA
|d UtOrBLW
|
| 049 |
|
|
|a TXAM
|
| 090 |
|
|
|a CT3220
|b .W44 2002
|
| 100 |
1 |
|
|a Wheeler, Bonnie,
|d 1944-
|
| 245 |
1 |
0 |
|a Medieval heroines in history and legend /
|c [Bonnie Wheeler].
|
| 264 |
|
1 |
|a Chantilly, VA :
|b Teaching Co.,
|c [2002]
|
| 264 |
|
4 |
|c ℗2002
|
| 300 |
|
|
|a 12 sound discs :
|b digital ;
|c 4 3/4 in. +
|e 2 course guidebooks (22 cm.)
|
| 336 |
|
|
|a spoken word
|b spw
|2 rdacontent
|
| 337 |
|
|
|a audio
|b s
|2 rdamedia
|
| 338 |
|
|
|a audio disc
|b sd
|2 rdacarrier
|
| 490 |
1 |
|
|a The great courses
|
| 511 |
0 |
|
|a Lectures delivered by Professor Bonnie Wheeler, Southern Methodist University.
|
| 500 |
|
|
|a Compact discs.
|
| 500 |
|
|
|a Teaching Co. Course number 2937 (2935-2936 on guidebooks).
|
| 500 |
|
|
|a In 2 containers (26 cm.); 6 sound discs and 1 course guidebook in each container.
|
| 504 |
|
|
|a Course guidebooks include bibliographical references.
|
| 520 |
|
|
|a Examines varieties of the heroic life as lived by Hildegard of Bingen, Heloise, Eleanor of Aquitaine, and Joan of Arc.
|
| 505 |
0 |
|
|a pt. I. lecture 1. Four remarkable medieval women ; lecture 2. The revolutionary twelfth century ; lecture 3. Prodigious Heloise ; lecture 4. Abelard's story of Abelard and Heloise ; lecture 5. Heloise as lover : her sublime submission ; lecture 6. Heloise, adept abbess and mother ; lecture 7. Heloise of the imagination ; lecture 8. Hildegard of Bingen, sibyl of the Rhine ; lecture 9. Hildegard, holy hypochondriac ; lecture 10. Hildegard's visionary trilogy, science, and letters ; lecture 11. Wholly Hildegard ; lecture 12. Eleanor's lineage -- pt. II. lecture 13. Eleanor, Duchess of Aquitaine, Queen of France ; lecture 14. Eleanor and the politics of estrangement ; lecture 15. Eleanor, Duchess of Aquitaine, Queen of England ; lecture 16. Eleanor the dowager queen ; lecture 17. Legendary Eleanor ; lecture 18. Joan of Arc and her times ; lecture 19. Joan discovers her mission and her Dauphin ; lecture 20. Joan the warrior, holy berserker ; lecture 21. Joan's success and captivity ; lecture 22. Joan's trial, death, and retrial ; lecture 23. Joan of the imagination ; lecture 24. Four pioneers.
|
| 500 |
|
|
|a Sound recording.
|
| 650 |
|
0 |
|a Women
|v Biography.
|
| 650 |
|
0 |
|a Biography
|y Middle Ages, 500-1500.
|
| 710 |
2 |
|
|a Teaching Company.
|
| 830 |
|
0 |
|a Great courses (Compact disc)
|
| 948 |
|
|
|a cataloged
|b h
|c 2004/6/16
|d c
|e mphillip
|f 6:51:50 pm
|
| 994 |
|
|
|a E0
|b TXA
|
| 999 |
|
|
|a MARS
|
| 999 |
f |
f |
|s c7790859-4836-376a-a507-2435851d7fb5
|i d505e196-7099-31d7-96cf-d380039fb6f1
|t 0
|
| 952 |
f |
f |
|p normal
|a Texas A&M University
|b College Station
|c Sterling C. Evans Library
|d Evans: Library Stacks
|t 0
|e CT3220 .W44 2002
|h Library of Congress classification
|i audio -- audio disc
|k pt.2
|m A14831942965
|
| 952 |
f |
f |
|p normal
|a Texas A&M University
|b College Station
|c Sterling C. Evans Library
|d Evans: Library Stacks
|t 0
|e CT3220 .W44 2002
|h Library of Congress classification
|i audio -- audio disc
|k pt.1
|m A14831943018
|
| 998 |
f |
f |
|a CT3220 .W44 2002
|s pt.1-2
|t 0
|l Evans: Library Stacks
|